000 00292nam a22001217a 4500
041 _aENG
100 _aMarimuthu.T.
245 _aPost Graduate Theses Abstracts Vol 1
260 _aCoimbatore
_bSchool Of Post Graduate Studies
_c2001
300 _a518
650 _aGAE
856 _uGAE ( 37 )
999 _c2474
_d2474